[Event "Seville op 44th"]
[Site "Seville"]
[Date "2019.01.16"]
[Round "6"]
[White "Aguera Naredo, Javier"]
[Black "Vasquez Schroder, Rodrigo Rafael"]
[Result "0-1"]
[WhiteElo "2345"]
[BlackElo "2499"]
[PlyCount "146"]
[EventDate "2019.01.11"]
[EventType "swiss"]
[EventRounds "9"]
[EventCountry "ESP"]
[SourceTitle "CBM 188 Extra"]
[Source "ChessBase"]
[SourceDate "2019.02.26"]
[SourceVersion "1"]
[SourceVersionDate "2019.02.26"]
[SourceQuality "1"]

1. e4 e5 2. Bc4 Nf6 3. d3 Bc5 4. Nf3 d6 5. 0-0 0-0 6. c3 Bb6 7. Nbd2 c6 8. Bb3 Nbd7 9. d4 h6 10. Re1 Re8 11. h3 Bc7 12. dxe5 dxe5 13. Nc4 Qe7 14. Nh4 Nc5 15. Qf3 Be6 16. Ne3 Bxb3 17. Nef5 Qf8 18. Nxh6+ Kh8 19. axb3 Nxb3 20. Rb1 Nxc1 21. Rbxc1 Nh7 22. Ng4 g6 23. Rcd1 Rad8 24. Qe2 Qe7 25. Nf3 Ng5 26. Qe3 Nxf3+ 27. Qxf3 Bb6 28. g3 Kg7 29. h4 Qe6 30. Kg2 a5 31. Rh1 Rxd1 32. Rxd1 Rd8 33. Rxd8 Bxd8 34. Ne3 Qb3 35. h5 Qe6 36. hxg6 fxg6 37. Qd1 Bg5 38. Qd3 b5 39. Nf1 a4 40. Nh2 Be7 41. Nf3 Qd6 42. Qe3 Qc7 43. Nh2 Qd7 44. Qb6 a3 45. bxa3 Bxa3 46. Nf3 Bd6 47. Qe3 Qe7 48. Qb6 Qc7 49. Qe3 Be7 50. Nh2 Qd7 51. f3 c5 52. Ng4 Qe6 53. Qh6+ Kg8 54. Ne3 b4 55. cxb4 cxb4 56. Nd5 Bf8 57. Qe3 Qa6 58. Qb3 Kh7 59. Qb2 Bd6 60. Qb3 Qe2+ 61. Kh3 Qf1+ 62. Kh2 Bc5 63. Nf6+ Kh6 64. Ng4+ Kg7 65. f4 Bg1+ 66. Kh1 Bd4+ 67. Kh2 Qg1+ 68. Kh3 Qh1+ 69. Nh2 Bg1 70. fxe5 Qxh2+ 71. Kg4 Qh5+ 72. Kf4 g5+ 73. Kf5 Qf7+ 0-1

[Event "Trevias op 24th"]
[Site "Trevias"]
[Date "2018.09.20"]
[Round "4"]
[White "Alvarez Fernandez, Enrique"]
[Black "Aguera Naredo, Javier"]
[Result "1-0"]
[WhiteElo "2303"]
[BlackElo "2369"]
[PlyCount "49"]
[EventDate "2018.09.17"]
[EventType "swiss"]
[EventRounds "7"]
[EventCountry "ESP"]
[SourceTitle "CBM 186 Extra"]
[Source "ChessBase"]
[SourceDate "2018.08.24"]
[SourceVersion "1"]
[SourceVersionDate "2018.08.24"]
[SourceQuality "1"]

1. d4 d5 2. Bg5 f6 3. Bh4 Nh6 4. e3 Nf5 5. Bg3 h5 6. h3 Nxg3 7. fxg3 Bf5 8. Bd3 Qd7 9. Ne2 Nc6 10. Nf4 0-0-0 11. Bxf5 Qxf5 12. Qd3 Qd7 13. Ng6 Nb4 14. Qd2 Qf5 15. Nxh8 Nxc2+ 16. Ke2 Nxa1 17. Qd3 e6 18. Qxf5 exf5 19. Kd3 Re8 20. Ng6 Bd6 21. Rc1 Bxg3 22. Nc3 Bf2 23. Nxd5 Kd8 24. Rxa1 c6 25. Rf1 1-0

[Event "Gijon rapid op 18th"]
[Site "Gijon"]
[Date "2018.07.22"]
[Round "4"]
[White "Aguera Naredo, Javier"]
[Black "Marino Bravo, Miguel Angel"]
[Result "1-0"]
[WhiteElo "2369"]
[BlackElo "2194"]
[PlyCount "75"]
[EventDate "2018.07.22"]
[EventType "swiss (rapid)"]
[EventRounds "9"]
[EventCountry "ESP"]
[SourceTitle "CBM 185 Extra"]
[Source "ChessBase"]
[SourceDate "2018.07.29"]
[SourceVersion "1"]
[SourceVersionDate "2018.07.29"]
[SourceQuality "1"]

1. c4 e5 2. g3 Nc6 3. Nc3 Bc5 4. Bg2 d6 5. Nf3 f5 6. d3 Nf6 7. 0-0 0-0 8. a3 a5 9. e3 Bd7 10. d4 exd4 11. exd4 Bb6 12. Bg5 h6 13. Bxf6 Rxf6 14. c5 Ba7 15. b4 axb4 16. axb4 Kh8 17. Nd5 Rf8 18. b5 Ne7 19. Nxc7 Qxc7 20. Rxa7 Bxb5 21. cxd6 Qxd6 22. Rxa8 Rxa8 23. Ne5 Qa6 24. Re1 Nc6 25. Nf7+ Kg8 26. Nd6 Bd3 27. Nxb7 Be4 28. Nc5 Qc4 29. Nxe4 fxe4 30. Bxe4 Rd8 31. Bxc6 Qxc6 32. Qd3 Qd5 33. Re4 Rc8 34. Qe3 Ra8 35. Qf3 Rf8 36. Qg4 Qa2 37. Qe6+ Kh8 38. Qxa2 1-0

[Event "Sanxenxo Carlos op 10th"]
[Site "Sanxenxo"]
[Date "2018.06.19"]
[Round "4"]
[White "Prieto Aranguren, Alain"]
[Black "Aguera Naredo, Javier"]
[Result "0-1"]
[WhiteElo "2276"]
[BlackElo "2377"]
[PlyCount "64"]
[EventDate "2018.06.16"]
[EventType "swiss"]
[EventRounds "9"]
[EventCountry "ESP"]
[SourceTitle "CBM 185 Extra"]
[Source "ChessBase"]
[SourceDate "2018.07.29"]
[SourceVersion "1"]
[SourceVersionDate "2018.07.29"]
[SourceQuality "1"]

1. d4 d5 2. c4 e6 3. Nc3 Bb4 4. cxd5 exd5 5. Nf3 Nf6 6. Bg5 Qd6 7. Bxf6 Qxf6 8. Qb3 Qb6 9. a3 Ba5 10. Qa2 c5 11. dxc5 Qxc5 12. Rc1 Nc6 13. e3 Be6 14. Qb1 Qe7 15. Be2 0-0 16. 0-0 Rad8 17. Nb5 Bg4 18. Nbd4 Bxf3 19. Bxf3 Nxd4 20. exd4 Bb6 21. Qd3 Qf6 22. Rfd1 Rfe8 23. Rd2 h5 24. Rcd1 h4 25. Qc3 Re7 26. g3 Qg5 27. Rd3 Rde8 28. Qd2 Qf5 29. gxh4 Re6 30. Kh1 Bc7 31. Bg2 Re2 32. Qg5 Re1+ 0-1

[Event "Trevias op 23rd"]
[Site "Trevias"]
[Date "2017.09.19"]
[Round "2"]
[White "Bombin Pinera, Dionisio"]
[Black "Aguera Naredo, Javier"]
[Result "0-1"]
[WhiteElo "1906"]
[BlackElo "2382"]
[PlyCount "44"]
[EventDate "2017.09.18"]
[EventType "swiss"]
[EventRounds "7"]
[EventCountry "ESP"]
[SourceTitle "CBM 180 Extra"]
[Source "ChessBase"]
[SourceDate "2017.10.06"]
[SourceVersion "1"]
[SourceVersionDate "2017.10.06"]
[SourceQuality "1"]

1. Nf3 Nf6 2. d3 d5 3. Nbd2 Nc6 4. c3 e5 5. e4 a5 6. Be2 Bc5 7. 0-0 0-0 8. Qc2 Re8 9. b3 Bg4 10. Bb2 dxe4 11. dxe4 Nh5 12. g3 Qf6 13. Kg2 Qh6 14. Rfe1 Bh3+ 15. Kg1 Nf6 16. Bf1 Ng4 17. Re2 Rad8 18. Bxh3 Qxh3 19. Nf1 Rd6 20. Bc1 Rf6 21. Ng5 Qh5 22. Kg2 Nxf2 0-1

[Event "Villa de Gijon op 3rd"]
[Site "Gijon"]
[Date "2017.07.29"]
[Round "8"]
[White "Aguera Naredo, Javier"]
[Black "Naumkin, Igor"]
[Result "1/2-1/2"]
[WhiteElo "2386"]
[BlackElo "2397"]
[PlyCount "26"]
[EventDate "2017.07.24"]
[EventType "swiss"]
[EventRounds "9"]
[EventCountry "ESP"]
[SourceTitle "CBM 179 Extra"]
[Source "ChessBase"]
[SourceDate "2017.08.23"]
[SourceVersion "1"]
[SourceVersionDate "2017.08.23"]
[SourceQuality "1"]

1. e4 e6 2. d4 d5 3. Nc3 Nf6 4. e5 Nfd7 5. f4 c5 6. Nf3 Nc6 7. Be3 a6 8. Qd2 b5 9. dxc5 Bxc5 10. Bd3 Bb7 11. Bf2 h6 12. 0-0 0-0 13. Rae1 Bxf2+ 1/2-1/2

[Event "Sanxenxo Carlos op 9th"]
[Site "Sanxenxo"]
[Date "2017.06.21"]
[Round "5"]
[White "Aguera Naredo, Javier"]
[Black "Del Rio de Angelis, Salvador Gabriel"]
[Result "1/2-1/2"]
[WhiteElo "2364"]
[BlackElo "2524"]
[PlyCount "140"]
[EventDate "2017.06.17"]
[EventType "swiss"]
[EventRounds "9"]
[EventCountry "ESP"]
[SourceTitle "CBM 179 Extra"]
[Source "ChessBase"]
[SourceDate "2017.08.23"]
[SourceVersion "1"]
[SourceVersionDate "2017.08.23"]
[SourceQuality "1"]

1. e4 e6 2. d4 d5 3. Nd2 a6 4. Bd3 c5 5. dxc5 Bxc5 6. exd5 exd5 7. Ngf3 Qe7+ 8. Qe2 Qxe2+ 9. Kxe2 Nc6 10. c3 Bg4 11. Re1 0-0-0 12. Kf1 Bd6 13. h3 Bh5 14. Be2 Nf6 15. Nb3 Ne4 16. Be3 Rhe8 17. Nfd4 Bxe2+ 18. Rxe2 Ne5 19. Nf5 Bf8 20. Bb6 Rd7 21. f3 Nc4 22. Bd4 g6 23. fxe4 gxf5 24. exf5 Rxe2 25. Kxe2 Re7+ 26. Kf3 Re4 27. Rb1 Bd6 28. g3 h5 29. Kf2 Re8 30. Bf6 a5 31. a4 b5 32. Ra1 Nxb2 33. axb5 a4 34. Nd4 a3 35. Nc2 Rg8 36. Bh4 Nc4 37. Rd1 Nb6 38. Ra1 Nc4 39. Rd1 Nb6 40. Ne3 Bc5 41. Kf3 Bxe3 42. Kxe3 Re8+ 43. Kf3 Nc4 44. Bf6 Kc7 45. Rxd5 a2 46. Rd1 Ra8 47. Ra1 Nd2+ 48. Kf4 Nb3 49. Rxa2 Rxa2 50. Kg5 Nc5 51. Kxh5 Ne4 52. Be5+ Kd7 53. b6 Rb2 54. Bc7 Rb5 55. g4 Nxc3 56. Kh6 Nd5 57. Kg7 f6 58. h4 Rb4 59. g5 Rxh4 60. g6 Rh5 61. Kf7 Rxf5 62. g7 Rg5 63. Bh2 Nxb6 64. g8Q Rxg8 65. Kxg8 Ke6 66. Kg7 Nd5 67. Kg6 Ne7+ 68. Kh5 Kf5 69. Kh4 Ke4 70. Kg3 Ng8 1/2-1/2

[Event "Las Palmas Montalvo Memorial 10th"]
[Site "Las Palmas"]
[Date "2017.04.10"]
[Round "4"]
[White "Kurajica, Bojan"]
[Black "Aguera Naredo, Javier"]
[Result "1-0"]
[WhiteElo "2517"]
[BlackElo "2354"]
[PlyCount "149"]
[EventDate "2017.04.08"]
[EventType "swiss"]
[EventRounds "9"]
[EventCountry "ESP"]
[SourceTitle "CBM 177 Extra"]
[Source "ChessBase"]
[SourceDate "2017.04.27"]
[SourceVersion "1"]
[SourceVersionDate "2017.04.27"]
[SourceQuality "1"]

1. Nf3 Nf6 2. c4 g6 3. b4 Bg7 4. Bb2 0-0 5. g3 b6 6. Bg2 Bb7 7. 0-0 c5 8. a3 d6 9. d4 cxd4 10. Bxd4 Nbd7 11. Nbd2 e5 12. Bb2 Qe7 13. Qb3 d5 14. Ne1 dxc4 15. Nxc4 Bxg2 16. Nxg2 Qe6 17. Nge3 Ng4 18. Nxg4 Qxg4 19. Rad1 b5 20. Ne3 Qh3 21. Qd5 Nf6 22. Qxb5 Rfe8 23. Qc6 Rac8 24. Qa6 h5 25. Rc1 Ng4 26. Nxg4 Qxg4 27. Kg2 Rc2 28. Rxc2 Qe4+ 29. Kg1 Qxc2 30. Bc1 h4 31. Be3 h3 32. Rc1 Qb2 33. f3 e4 34. Rc8 Qb1+ 35. Kf2 Qh1 36. Rxe8+ Kh7 37. Rxe4 Qxh2+ 38. Ke1 Qxg3+ 39. Kd2 h2 40. Bf4 Bh6 41. Qf6 Bxf4+ 42. Rxf4 h1Q 43. Qxf7+ Kh6 44. Qf8+ Kg5 45. Qd8+ Kh6 46. Qh8+ Kg5 47. Qxh1 Qxf4+ 48. e3 Qd6+ 49. Ke2 Qa6+ 50. Kf2 Qxa3 51. f4+ Kf6 52. Qc6+ Kf7 53. Qd5+ Kg7 54. Qa5 Qb2+ 55. Kf3 Kh6 56. Qg5+ Kh7 57. Qe7+ Kh6 58. Qd8 Qa1 59. Qd4 Qh1+ 60. Ke2 Qg2+ 61. Kd3 Qa8 62. Qe5 Qd8+ 63. Kc3 Kh7 64. Qd4 Qc7+ 65. Qc5 Qg7+ 66. Kc4 a6 67. Kd5 Qd7+ 68. Ke5 Qf5+ 69. Kd6 Qe4 70. Kc7 Qd3 71. Kb6 Kh6 72. Qd4 Qb5+ 73. Kc7 Qe8 74. Qd8 Qf7+ 75. Kd6 1-0

[Event "Las Palmas Montalvo Memorial 10th"]
[Site "Las Palmas"]
[Date "2017.04.09"]
[Round "2"]
[White "Gil Ojeda, Jorge"]
[Black "Aguera Naredo, Javier"]
[Result "0-1"]
[WhiteElo "1862"]
[BlackElo "2354"]
[PlyCount "88"]
[EventDate "2017.04.08"]
[EventType "swiss"]
[EventRounds "9"]
[EventCountry "ESP"]
[SourceTitle "CBM 177 Extra"]
[Source "ChessBase"]
[SourceDate "2017.04.27"]
[SourceVersion "1"]
[SourceVersionDate "2017.04.27"]
[SourceQuality "1"]

1. e4 e5 2. Nf3 Nc6 3. Nc3 Nf6 4. d4 exd4 5. Nxd4 Bb4 6. Nxc6 bxc6 7. Bd3 d5 8. exd5 cxd5 9. 0-0 0-0 10. Qf3 c6 11. Bg5 Bd6 12. h3 Rb8 13. b3 Be5 14. Bf4 Qd6 15. Bxe5 Qxe5 16. Rfe1 Qg5 17. Ne2 Bd7 18. Qg3 Qxg3 19. Nxg3 g6 20. Re5 Rfe8 21. Rae1 Rxe5 22. Rxe5 Be6 23. f4 Nd7 24. Re1 Nc5 25. Be2 Kg7 26. c3 a5 27. Bf1 Kf6 28. Re3 h5 29. h4 Bg4 30. Kf2 Ne6 31. Ne2 Bxe2 32. Bxe2 Nxf4 33. Rf3 Ke5 34. Re3+ Kd6 35. Rf3 Nxe2 36. Kxe2 f5 37. Kd3 Re8 38. Rg3 Re6 39. a4 c5 40. Kd2 Kc7 41. Kd3 Kc6 42. Kd2 Kd6 43. Kd3 Ke5 44. Ke3 f4+ 0-1

[Event "Budapest Spring op"]
[Site "Budapest"]
[Date "2017.03.19"]
[Round "2"]
[White "Lizak, Peter"]
[Black "Aguera Naredo, Javier"]
[Result "1-0"]
[WhiteElo "2453"]
[BlackElo "2353"]
[PlyCount "49"]
[EventDate "2017.03.18"]
[EventType "swiss"]
[EventRounds "9"]
[EventCountry "HUN"]
[SourceTitle "CBM 177 Extra"]
[Source "ChessBase"]
[SourceDate "2017.04.27"]
[SourceVersion "1"]
[SourceVersionDate "2017.04.27"]
[SourceQuality "1"]

1. d4 Nf6 2. Nc3 d5 3. Bf4 c6 4. e3 Bf5 5. f3 e6 6. g4 Bg6 7. h4 h6 8. Bd3 Bxd3 9. Qxd3 Qb6 10. Nge2 Qa6 11. Qxa6 Nxa6 12. 0-0-0 h5 13. Rdg1 Bb4 14. Be5 Ke7 15. gxh5 Rh7 16. Nf4 Bxc3 17. bxc3 Ne8 18. h6 gxh6 19. Nh5 f6 20. Bf4 Kf7 21. Rg2 Nac7 22. Rhg1 Nb5 23. Kb2 Rd8 24. Rg8 Nbd6 25. Bxd6 1-0

[Event "Seville op 42nd"]
[Site "Seville"]
[Date "2017.01.19"]
[Round "7"]
[White "Aguera Naredo, Javier"]
[Black "Lopez Martinez, Josep Manuel"]
[Result "1/2-1/2"]
[WhiteElo "2361"]
[BlackElo "2552"]
[PlyCount "147"]
[EventDate "2017.01.13"]
[EventType "swiss"]
[EventRounds "9"]
[EventCountry "ESP"]
[SourceTitle "EXT 2019"]
[Source "ChessBase"]
[SourceDate "2018.10.10"]
[SourceVersion "1"]
[SourceVersionDate "2018.10.10"]
[SourceQuality "1"]

1. e4 e5 2. Nf3 Nc6 3. Bb5 a6 4. Ba4 b5 5. Bb3 Bb7 6. d3 Nf6 7. Nc3 Be7 8. 0-0 d6 9. a3 0-0 10. Ba2 Nb8 11. Ne2 Nbd7 12. Ng3 c5 13. Nf5 d5 14. exd5 Nxd5 15. Re1 Bf6 16. Nd2 g6 17. Nh6+ Kg7 18. Ng4 h5 19. Nxf6 Qxf6 20. Qf3 Qxf3 21. Nxf3 f6 22. Nd2 g5 23. Ne4 Kg6 24. Bd2 h4 25. b4 cxb4 26. axb4 Rfd8 27. f3 Bc6 28. Bb3 Ne7 29. Ra2 Nf5 30. c3 Nb6 31. Bc2 Na4 32. Kf2 Bd5 33. Ra3 Bc6 34. Rea1 Rac8 35. Ke1 h3 36. g3 Bxe4 37. fxe4 Nh6 38. Ke2 Rd6 39. Bxa4 bxa4 40. c4 Ng4 41. Be3 Nxh2 42. Rh1 Ng4 43. Rxh3 Nxe3 44. Kxe3 Rb6 45. Rxa4 Rcb8 46. Rh2 Rxb4 47. Rxa6 Rb1 48. Rf2 Kh5 49. Raxf6 Kg4 50. R6f5 Re1+ 51. Re2 Rg1 52. Rxe5 Rxg3+ 53. Kd4 Rg1 54. Rf2 Kh3 55. Rd5 g4 56. Rf6 g3 57. Rh6+ Kg2 58. e5 Rg8 59. e6 Rg4+ 60. Kc5 Re1 61. Kd6 Kg1 62. e7 g2 63. Re6 Rxe6+ 64. Kxe6 Kf2 65. e8Q g1Q 66. Kf6 Qg3 67. Rf5+ Kg1 68. Qe5 Qh4+ 69. Ke6 Rg6+ 70. Kd5 Qd8+ 71. Ke4 Qh4+ 72. Kd5 Qd8+ 73. Ke4 Qh4+ 74. Kd5 1/2-1/2

[Event "Chigorin Memorial 24th"]
[Site "St Petersburg"]
[Date "2016.10.21"]
[Round "7"]
[White "Aguera Naredo, Javier"]
[Black "Martynyuk, Elizaveta"]
[Result "0-1"]
[WhiteElo "2367"]
[BlackElo "2151"]
[PlyCount "70"]
[EventDate "2016.10.15"]
[EventType "swiss"]
[EventRounds "9"]
[EventCountry "RUS"]
[SourceTitle "CBM 175 Extra"]
[Source "ChessBase"]
[SourceDate "2016.12.12"]
[SourceVersion "1"]
[SourceVersionDate "2016.12.12"]
[SourceQuality "1"]

1. e4 c5 2. Nf3 Nc6 3. d4 cxd4 4. Nxd4 g6 5. c4 Nf6 6. Nc3 Nxd4 7. Qxd4 d6 8. Be2 Bg7 9. Be3 0-0 10. Qd2 a5 11. Rd1 a4 12. c5 Qa5 13. cxd6 exd6 14. 0-0 Qb4 15. Bd4 Be6 16. a3 Qb3 17. Rc1 Rac8 18. f4 Rxc3 19. bxc3 Nxe4 20. Qd3 Nc5 21. Qe3 Bxd4 22. Qxd4 Qa2 23. Rce1 Qxa3 24. Bb5 Qb3 25. Rb1 Qa2 26. Qxd6 Bd5 27. Be2 Ne4 28. Qe5 Qxe2 29. Qxd5 Nxc3 30. Qxb7 Nxb1 31. Qxb1 a3 32. Qb7 Qb2 33. Qa7 a2 34. f5 Rb8 35. fxg6 Qb6+ 0-1

[Event "Chigorin Memorial 24th"]
[Site "St Petersburg"]
[Date "2016.10.18"]
[Round "4"]
[White "Burmakin, Vladimir"]
[Black "Aguera Naredo, Javier"]
[Result "1-0"]
[WhiteElo "2545"]
[BlackElo "2367"]
[PlyCount "62"]
[EventDate "2016.10.15"]
[EventType "swiss"]
[EventRounds "9"]
[EventCountry "RUS"]
[SourceTitle "CBM 175 Extra"]
[Source "ChessBase"]
[SourceDate "2016.12.12"]
[SourceVersion "1"]
[SourceVersionDate "2016.12.12"]
[SourceQuality "1"]

1. d4 Nf6 2. Nf3 g6 3. Bf4 Bg7 4. e3 d6 5. Be2 0-0 6. 0-0 c5 7. c3 Qb6 8. Nbd2 d5 9. Qb3 Nbd7 10. h3 Qd8 11. a4 a5 12. Bb5 b6 13. Bc6 c4 14. Qa2 Ra7 15. Bb5 Ba6 16. Bxa6 Rxa6 17. b3 cxb3 18. Qxb3 Qa8 19. Rfc1 Rc8 20. c4 dxc4 21. Rxc4 Rxc4 22. Qxc4 Nd5 23. Bg3 Nb4 24. Rc1 Nf8 25. Qb5 Ra7 26. Qxb6 Rb7 27. Qc5 Nd3 28. Qc8 Qxc8 29. Rxc8 Nb2 30. Nc4 Nxa4 31. Nxa5 Nb6 1-0

[Event "Chigorin Memorial blitz 24th"]
[Site "St Petersburg"]
[Date "2016.10.14"]
[Round "5"]
[White "Fier, Alexandr"]
[Black "Aguera Naredo, Javier"]
[Result "1/2-1/2"]
[WhiteElo "2614"]
[BlackElo "2367"]
[PlyCount "123"]
[EventDate "2016.10.14"]
[EventType "swiss (blitz)"]
[EventRounds "13"]
[EventCountry "RUS"]
[SourceTitle "EXT 2017"]
[Source "ChessBase"]
[SourceDate "2016.10.25"]
[SourceVersion "1"]
[SourceVersionDate "2016.10.25"]
[SourceQuality "1"]

1. d4 Nf6 2. Bg5 Ne4 3. Bf4 c5 4. f3 Qa5+ 5. c3 Nf6 6. d5 d6 7. e4 g6 8. Qd2 Bg7 9. c4 Qxd2+ 10. Bxd2 Nfd7 11. Nc3 Na6 12. Nh3 Nc7 13. Nf2 a6 14. a4 a5 15. Be2 Na6 16. 0-0 Nb4 17. Rac1 b6 18. b3 Ba6 19. f4 0-0 20. Bg4 Ra7 21. g3 Bd4 22. Kg2 Bxf2 23. Rxf2 Nd3 24. Bxd7 Rxd7 25. f5 Nxf2 26. Kxf2 Kg7 27. g4 e6 28. Rg1 exf5 29. gxf5 f6 30. h4 Re7 31. Bf4 Rd8 32. Kf3 Kf7 33. Bh6 Rg8 34. Bf4 gxf5 35. Rxg8 fxe4+ 36. Nxe4 Kxg8 37. Nxf6+ Kg7 38. Ne4 Bc8 39. Nxd6 Bd7 40. Bg3 h5 41. Kf4 Kg6 42. Kf3 Bg4+ 43. Kf4 Re2 44. Ne4 Rb2 45. Nd6 Rxb3 46. Be1 Rf3+ 47. Ke4 Rf1 48. Bc3 Rc1 49. Be5 Re1+ 50. Kf4 Rf1+ 51. Ke4 Re1+ 52. Kf4 Re2 53. Nb5 Ra2 54. Bc7 Rxa4 55. Nd6 Be2 56. Bxb6 Bxc4 57. Ke5 Bxd5 58. Kxd5 Rxh4 59. Bxa5 Rd4+ 60. Kxc5 Rxd6 61. Kxd6 h4 62. Be1 1/2-1/2